[Event "Warsaw Najdorf Memorial op-B 13th"]
[Site "Warsaw"]
[Date "2015.07.11"]
[Round "2"]
[White "Pietrzak, Wojciech"]
[Black "Smolak, Michal"]
[Result "1/2-1/2"]
[WhiteElo "1907"]
[BlackElo "2056"]
[PlyCount "63"]
[EventDate "2015.07.10"]
[EventType "swiss"]
[EventRounds "9"]
[EventCountry "POL"]
[SourceTitle "CBM 167 Extra"]
[Source "ChessBase"]
[SourceDate "2015.09.14"]
[SourceVersion "1"]
[SourceVersionDate "2015.09.14"]
[SourceQuality "1"]

1. e4 c5 2. Nf3 d6 3. d4 cxd4 4. Nxd4 Nf6 5. Nc3 a6 6. h3 e6 7. Be3 Be7 8. g4 Nc6 9. Bg2 Bd7 10. Qe2 0-0 11. 0-0 Nxd4 12. Bxd4 Bc6 13. Rad1 Qc7 14. Qe3 b5 15. e5 dxe5 16. Bxe5 Qb7 17. Qg3 Bxg2 18. Qxg2 Qxg2+ 19. Kxg2 Rac8 20. a3 Rfd8 21. Rxd8+ Rxd8 22. Rd1 Rc8 23. g5 Ne8 24. Ne4 f5 25. gxf6 gxf6 26. Rd7 Kf8 27. Bc3 f5 28. Nd2 Bxa3 29. Rxh7 Be7 30. Rh8+ Kf7 31. Rh7+ Kf8 32. Rh8+ 1/2-1/2

[Event "POL-chT 2nd League"]
[Site "Miedzyzdroje"]
[Date "2009.09.17"]
[Round "6"]
[White "Bukojemski, Adam"]
[Black "Smolak, Michal"]
[Result "1-0"]
[WhiteElo "2206"]
[BlackElo "2080"]
[PlyCount "63"]
[EventDate "2009.09.12"]
[EventType "team-swiss"]
[EventRounds "9"]
[EventCountry "POL"]
[SourceTitle "EXT 2019"]
[Source "ChessBase"]
[SourceDate "2018.10.10"]
[SourceVersion "1"]
[SourceVersionDate "2018.10.10"]
[SourceQuality "1"]
[WhiteTeam "Krakow KKSz 1893"]
[BlackTeam "Deblin Czarni"]
[WhiteTeamCountry "POL"]
[BlackTeamCountry "POL"]

1. e4 c5 2. Nf3 d6 3. d4 cxd4 4. Nxd4 Nf6 5. Nc3 a6 6. Be2 e5 7. Nb3 Be7 8. 0-0 Be6 9. Kh1 Nbd7 10. a4 0-0 11. f4 Qc7 12. Nd2 exf4 13. Nf3 Nc5 14. Qd4 Nh5 15. Nd5 Bxd5 16. exd5 Bf6 17. Qc4 Rfe8 18. c3 Qe7 19. Ng1 Qe5 20. Bg4 Qg5 21. Bf3 Qh4 22. Nh3 g6 23. b4 Nd7 24. Qc7 Rad8 25. Bxh5 Qxh5 26. Bd2 Re2 27. Bxf4 Qg4 28. Bg3 Qe4 29. Nf2 Qxd5 30. Rad1 Rd2 31. Rxd2 Qxd2 32. Ne4 1-0

[Event "Krakow op-B 19th"]
[Site "Krakow"]
[Date "2008.12.29"]
[Round "3"]
[White "Smolak, Michal"]
[Black "Puczylowski, Marcin"]
[Result "1-0"]
[WhiteElo "2086"]
[BlackElo "1990"]
[PlyCount "169"]
[EventDate "2008.12.26"]
[EventType "swiss"]
[EventRounds "9"]
[EventCountry "POL"]
[SourceTitle "CBM 128 Extra"]
[Source "ChessBase"]
[SourceDate "2009.03.05"]
[SourceVersion "2"]
[SourceVersionDate "2009.03.25"]
[SourceQuality "1"]

1. d4 Nf6 2. c4 g6 3. Nc3 Bg7 4. e4 d6 5. f3 0-0 6. Be3 e5 7. d5 Nh5 8. Qd2 Nd7 9. Bd3 Nc5 10. Bc2 a5 11. Nge2 Nf4 12. Nxf4 exf4 13. Bxf4 f5 14. 0-0 fxe4 15. fxe4 Re8 16. Bg5 Qd7 17. Bf6 b6 18. Qd4 Ba6 19. b3 Re5 20. Bxe5 Bxe5 21. Qd2 Qg7 22. Rf3 Nd7 23. Raf1 Nf6 24. a4 Re8 25. Nb5 Re7 26. Nd4 Bb7 27. Ne6 Rxe6 28. dxe6 Qe7 29. Qg5 Kg7 30. Rh3 Bc8 31. Qh6+ Kg8 32. g4 Qxe6 33. Rxf6 Qxf6 34. Qxh7+ Kf8 35. Qh4 Bd4+ 36. Kg2 Qxh4 37. Rxh4 Kg7 38. Kf3 Be5 39. Bd1 Bd7 40. Kg2 Bc6 41. Bf3 Bb7 42. Rh3 Bc6 43. Kh1 Bb7 44. Bg2 Bc8 45. Bf3 Bb7 46. Kg1 Bc6 47. Kf2 Bd4+ 48. Ke2 Be5 49. Ke3 Bb7 50. g5 Bc8 51. Rh4 Bb2 52. Kd2 Be5 53. Kd3 Bb7 54. Bg4 Bc6 55. Be6 Be8 56. h3 Bb2 57. Rg4 c6 58. Rg2 Ba3 59. e5 dxe5 60. Ke4 b5 61. Kxe5 bxa4 62. bxa4 Kf8 63. h4 Ke7 64. Bg4 Bf7 65. Kd4 Kd6 66. Rc2 Bc5+ 67. Ke4 Bb4 68. Rf2 Bxc4 69. Rf6+ Kc5 70. Rxg6 Bb3 71. Bf5 Bxa4 72. Rf6 Bc3 73. Rf8 Kb4 74. Kd3 Bb5+ 75. Kc2 a4 76. Ra8 Be5 77. g6 a3 78. Be6 Kc5 79. Rxa3 Kd6 80. Bf5 Ke7 81. Ra7+ Kf8 82. h5 Bg7 83. Rf7+ Kg8 84. Bc8 Kh8 85. h6 1-0